Visualizzazione normale
Vista MARC
- Zavattini Cesare
di Personal Name
Records bibliografici associati: 1
001 - CONTROL NUMBER
- control field: 38941
003 - CONTROL NUMBER IDENTIFIER
- control field: IT-RoPau
005 - DATE AND TIME OF LATEST TRANSACTION
- control field: 20151126090138.0
008 - FIXED-LENGTH DATA ELEMENTS
- fixed length control field: 151126|| aca||aabn | a|a d
040 ## - CATALOGING SOURCE
- Original cataloging agency: IT-RoPau
- Transcribing agency: IT-RoPau
100 ## - HEADING--PERSONAL NAME
- Personal name: Zavattini Cesare
- Relator term: (soggetto)
- Miscellaneous information: Codice Soggetto SPICS: 3365
670 ## - SOURCE DATA FOUND
- Source citation: Work cat.: (IT-RoPau)105008: Blasetti Alessandro Codice regista SPICS: 9116 38936, QUATTRO PASSI FRA LE NUVOLE QUATTRO PASSI FRA LE NUVOLE (Rif. Codice opera principale : 48279)